[Event "Regionalliga Nord-West 1819"]
[Site "Bayern"]
[Date "2019.02.03"]
[Round "6.4"]
[White "Adamovic, Ivan"]
[Black "Haasner, Tom"]
[Result "1/2-1/2"]
[WhiteElo "1939"]
[BlackElo "1910"]
[PlyCount "52"]
[EventDate "2018.10.21"]
[EventType "team-tourn"]
[EventRounds "9"]
[EventCountry "GER"]
[SourceTitle "EXT 2022"]
[Source "ChessBase"]
[SourceDate "2021.10.06"]
[SourceVersion "1"]
[SourceVersionDate "2021.10.06"]
[SourceQuality "1"]
[WhiteTeam "Seubelsdorf"]
[BlackTeam "Rottendorf"]
[WhiteTeamCountry "GER"]
[BlackTeamCountry "GER"]

1. e4 c5 2. Nf3 Nc6 3. d4 cxd4 4. Nxd4 Qb6 5. Nb3 Nf6 6. Nc3 e6 7. Be3 Qc7 8. a3 Be7 9. Be2 a6 10. 0-0 0-0 11. f4 d6 12. Qe1 Rd8 13. Na4 Nd7 14. c4 b6 15. f5 Nc5 16. Nbxc5 dxc5 17. Bf4 e5 18. Be3 Nd4 19. Bd1 f6 20. Nc3 Bb7 21. g4 Bc6 22. b3 b5 23. Ra2 Qb7 24. Bc1 Rd7 25. Rg2 a5 26. g5 b4 1/2-1/2